000 00206 a2200097 4500
001 1372
100 _aDoughtie, V.C
245 _aDesign of machine members
260 _a
_bMcgrawhill
_c
090 _c921
_d921
942 _aNUST-CAE
_cM
_c36056
999 _c236445
_d236445